JLL'S UK property index shows improved returns (Record no. 117347)
[ view plain ]
| 000 -LEADER | |
|---|---|
| fixed length control field | 01171cam a2200205 4500 |
| 001 - CONTROL NUMBER | |
| control field | WB4018-04 |
| 008 - FIXED-LENGTH DATA ELEMENTS--GENERAL INFORMATION | |
| fixed length control field | 040513n2004 000 0 eng u |
| 035 ## - SYSTEM CONTROL NUMBER | |
| System control number | (Sirsi) u126193 |
| 245 ## - TITLE STATEMENT | |
| Title | JLL'S UK property index shows improved returns |
| 260 ## - PUBLICATION, DISTRIBUTION, ETC. | |
| Date of publication, distribution, etc. | 2004 |
| 490 ## - SERIES STATEMENT | |
| Series statement | Jones Lang LaSalle Press Release |
| Volume/sequential designation | 26 April 2004 (1) |
| 520 ## - SUMMARY, ETC. | |
| Summary, etc. | Jones Lang LaSalle's(JLL) latest "UK property index" shows that returns on UK property grew from 3.3% in the fourth quarter 2003 to 3.9% in the first quarter 2004, reflecting an annual return of 13.2%. Quarterly returns improved across all sectors with the exception of the industrial sector which remained largely unchanged. Retail warehouses produced the highest annual return in the first quarter 2004 of 17%. The report is available on the JLL website, http://www.research.joneslanglasalle.com, but members need to register to read it. http://www.joneslanglasalle.co.uk/default.html?htt p://www.joneslanglasalle.co.uk/news01/nr1595.html |
| 590 ## - LOCAL NOTE (RLIN) | |
| Local note | WB |
| 590 ## - LOCAL NOTE (RLIN) | |
| Local note | WB |
| 650 ## - SUBJECT ADDED ENTRY--TOPICAL TERM | |
| Topical term or geographic name entry element | INDUSTRIAL SECTOR |
| 650 ## - SUBJECT ADDED ENTRY--TOPICAL TERM | |
| Topical term or geographic name entry element | RETAIL WAREHOUSES |
| 650 ## - SUBJECT ADDED ENTRY--TOPICAL TERM | |
| Topical term or geographic name entry element | PROPERTY INDEX |
| 690 ## - LOCAL SUBJECT ADDED ENTRY--TOPICAL TERM (OCLC, RLIN) | |
| Topical term or geographic name as entry element | COMMERCIAL PROPERTY-MARKET |
| 942 ## - ADDED ENTRY ELEMENTS (KOHA) | |
| Suppress in OPAC | 0 |
| Withdrawn status | Lost status | Source of classification or shelving scheme | Damaged status | Not for loan | Home library | Current library | Shelving location | Date acquired | Total Checkouts | Full call number | Barcode | Date last seen | Copy number | Price effective from | Koha item type |
|---|---|---|---|---|---|---|---|---|---|---|---|---|---|---|---|
| Dewey Decimal Classification | London | London | News article | 13/05/2004 | WB4018-04 | 126193-1001 | 06/08/2019 | 1 | 06/08/2019 | News article |